Poppy Playtime Hands - Statistics

General Stats
  • This quiz has been taken 90 times
  • The average score is 6 of 8
Answer Stats
Hint Answer % Correct
Chapter 1, 2, 3, 4, 5 Blue Hand
97%
Chapter 1, 2, 4, 5 Red Hand
97%
Chapter 2, 3 Green Hand
92%
Chapter 3, 4, 5 Purple Hand
92%
Chapter 4, 5 Omni Hand
85%
Chapter 3, 4, 5 Flare Hand
77%
Chapter 5 Pressure Hand
64%
Chapter 5 Conductive Hand
39%
No matching quizzes found
Score Distribution
Percent of People with Each Score
Percentile by Number Answered
Your Score History
You have not taken this quiz